1728 1536 1467 1313 1719 1798 1900 1967 1263 1968 1172 1788 1489 1709 1236 1353 1228 1354 1099 1088 1378 1263 1087 1917 1038 1569 1384 1495 1386 1909 1352 1586 1151 1274 1608 1069 1250 1264 1562 1688 1065 1812 1614 1322 1510 1622 1493 1442 1149 1896 1079 1744 1297 1666 1187 1460 1611 1702 1578 1224 1255 1950 1055 1393 1107 1962 1252 1516 1712 1409 1536 1152 1139 1371 1879 1806 1442 1883 1147 1702 1563 1442 1367 1365 1140 1978 1643 1824 1984 1500 1791 1996 1061 1731 1152 1464 1094 1531 1865 BCNSPRNW ULIB Ver.6.0+V

เปลี่ยนเป็นภาษาไทย

Change to English
 แสดงรายละเอียดบรรณานุกรม
  กลับหน้าหลัก

Brief Record : Get Marc (ISO 2709) : E-mail record : QR code < ปิดหน้าต่าง
LEADER : 00000nam 2200000uu 4500
001    13399115020
003     ULIB
008    120703s2552||||th 000 0 tha d
020    ^a9786167098135
050 04 ^aBF689.3^bช274I
100 0  ^aชวนันท์ อมรเศรษฐ์
245 10 ^aI.Q. ยอด E.Q. เยี่ยม พลิกชีวิตสู่ความสุขและความรุ่งโรจน์ /^cชวนันท์ อมรเศรษฐ์
260    ^aกรุงเทพฯ :^bฟีลกูด,^c2552
300    ^a171 หน้า :^bภาพประกอบ
650  7 ^aระดับสติปัญญา
650  7 ^aความฉลาดทางอารมณ์
945    ^p145^l0^i18102
995    ^a เกษร
999    ^aใช้งานได้ทุกระบบ
รายการนี้ยังไม่มีแท็ก
คุณยังไม่ได้ล็อกอิน คุณสามารถมีกิจกรรมร่วมกับเว็บไซต์ได้ แต่ต้องล็อกอินก่อน ::
  ล็อกอิน

รายการสื่อสารสนเทศ

ลำดับที่ ประเภท เลขเรียก/บาร์โค้ด สถานที่ สถานะ
1. วิทยาศาสตร์การแพทย์ และสุขภาพ
วิทยาศาสตร์การแพทย์ และสุขภาพ
BF689.3 ช274I  
  Barcode: 18102
ห้องสมุดวิทยาเขตสวรรค์ประชารักษ์
►นวนิยาย
บนชั้น
  ขอยืม

รายการใกล้เคียง
    ผู้แต่ง [ชวนันท์ อมรเศรษฐ์]

    หัวเรื่อง [ระดับสติปัญญา]
    หัวเรื่อง [ความฉลาดทางอารมณ์]

BibComment


ยังไม่เคยถูกคอมเมนท์

คอมเมนท์ทรัพยากรรายการนี้
  คอมเมนท์: IQ ยอด EQ เยี่ยม..


 Copyright 2026. Bcnsprnw @Library